Художньо-філософська структура персонажа у творчості Річарда Баха (Запис № 283942)

МАРК-запис
000 -LEADER
fixed length control field 01706nam a22001577a 4500
041 ## - LANGUAGE CODE
Language code of text/sound track or separate title ukr
080 ## - UNIVERSAL DECIMAL CLASSIFICATION NUMBER
Universal Decimal Classification number 09
090 ## - LOCALLY ASSIGNED LC-TYPE CALL NUMBER (OCLC); LOCAL CALL NUMBER (OCLC)
Local cutter number (OCLC) ; Book number/undivided call number, CALL (RLIN) КУЧ
100 ## - MAIN ENTRY--PERSONAL NAME
Personal name Кучер Н. О.
245 ## - TITLE STATEMENT
Title Художньо-філософська структура персонажа у творчості Річарда Баха
260 ## - PUBLICATION, DISTRIBUTION, ETC. (IMPRINT)
Place of publication, distribution, etc Острог
Name of publisher, distributor, etc КАФ
Date of publication, distribution, etc 2007
300 ## - PHYSICAL DESCRIPTION
Extent 72
520 ## - SUMMARY, ETC.
Summary, etc Вступ<br/>Розділ 1. Філософія життя як джерело світогляду персонажів у творах Р. Баха.<br/>1.1 Роль прагматичного підходу у творчості Р. Баха в історичному контексті<br/>1.2 Розповідач як віддзеркалення досвіду автора<br/>1.3 Картезіанські ідеї як основа пізнання світу персонажів Р. Баха<br/>Розділ 2. Багатоаспектність моделювання постмодерного персонажа<br/>2.1 Алегоричне осмислення конфлікту індивіда і соціуму<br/>2.2 Новозаповітна бінарна опозиція конфлікту<br/>2.3 Психодрама як тип моделювання сюжету і персонажа<br/>Розділ 3. Процес символізації образів у творах Р. Баха<br/>3.1 Художній потенціал образу-деталі<br/>3.2 Роль сакральних стереотипів у творенні символу<br/>Висновки<br/>Список використаної літератури
-- літературознавство, персонаж,Бах
650 ## - SUBJECT ADDED ENTRY--TOPICAL TERM
Topical term or geographic name as entry element Research Papers
942 ## - ADDED ENTRY ELEMENTS (KOHA)
Koha item type Книги
Фонди
Withdrawn status Lost status Source of classification or shelving scheme Damaged status Not for loan Home library Current library Date acquired Source of acquisition Cost, normal purchase price Total Checkouts Full call number Barcode Date last seen Price effective from Koha item type
    Universal Decimal Classification     ВІЛ - Відділ іноземн. літератури НБ ВІЛ - Відділ іноземн. літератури НБ 16/04/2009 Акт №1 1.00   09 213703 15/12/2021 16/04/2009 Книги